00793cam a2200241 a 4500999001500000001000600015003000900021005001700030008004100047020001900088020001500107040003800122082001600160100002600176245007500202260003600277300004100313500002000354650002600374650002500400942001200425952011400437 c3218d321819026BD-DhUAP20210130163729.0200302s1998 bg abf b f000 0 eng  a9781118090718  a1118090713 aBD-DhUAPcBD-DhUAPdBD-DhUAPbEng a729 CHI223 aChing, Francis D. K.  aInterior design illustrated /cFrancis D. K. Ching and Corky Binggeli. aHoboken, N.J :bWiley, cc2012. a378 pages :billustrations ;c28 cm. aIncludes index. aInterior architecture aSpace (Architecture) 2ddccBK 00102ddc4070aUAPCLbUAPCLcGeneral Stacksd2020-03-02o729 CHIp3010019026r2020-03-02t1w2020-03-02yBK